[Event "WCO2014"]
[Site "Tromso"]
[Date "2014.08.03"]
[Round "2.11"]
[WhiteID "9900993"]
[White "Alahakoon Isuru"]
[BlackID "8400709"]
[Black "Gavarrete Nahun"]
[Result "1/2-1/2"]
[LiveChessVersion "1.4.3"]
[BlackElo "2190"]
[WhiteElo "2120"]

1. e4 {[%clk 1:30:55]} c5 {[%clk 1:30:50]} 2. Nc3 {[%clk 1:31:13]} d6
{[%clk 1:30:58]} 3. f4 {[%clk 1:31:25]} g6 {[%clk 1:31:18]} 4. Nf3
{[%clk 1:31:45]} Bg7 {[%clk 1:31:38]} 5. Bc4 {[%clk 1:31:58]} Nc6
{[%clk 1:31:12]} 6. O-O {[%clk 1:32:09]} e6 {[%clk 1:30:35]} 7. d3
{[%clk 1:32:08]} Nge7 {[%clk 1:30:52]} 8. Qe1 {[%clk 1:32:32]} O-O
{[%clk 1:30:39]} 9. f5 {[%clk 1:20:55]} gxf5 {[%clk 1:29:35]} 10. Qh4
{[%clk 1:07:32]} fxe4 {[%clk 1:24:16]} 11. dxe4 {[%clk 1:00:52]} Ng6
{[%clk 1:23:12]} 12. Qh5 {[%clk 0:59:11]} Nce5 {[%clk 1:21:45]} 13. Bh6
{[%clk 0:37:39]} f6 {[%clk 1:02:04]} 14. Nxe5 {[%clk 0:32:55]} Nxe5
{[%clk 1:01:55]} 15. Rf4 {[%clk 0:21:26]} Qe7 {[%clk 1:01:14]} 16. Be2
{[%clk 0:17:46]} Bd7 {[%clk 0:59:55]} 17. Bxg7 {[%clk 0:15:41]} Kxg7
{[%clk 0:59:58]} 18. Rh4 {[%clk 0:11:04]} Kh8 {[%clk 1:00:02]} 19. Rd1
{[%clk 0:09:45]} Rg8 {[%clk 0:57:41]} 20. Qh6 {[%clk 0:01:31]} Rg5
{[%clk 0:54:37]} 21. Rf4 {[%clk 0:00:38]} Rg6 {[%clk 0:53:21]} 22. Qh4
{[%clk 0:00:33]} Rag8 {[%clk 0:53:39]} 23. g3 {[%clk 0:00:35]} Qg7
{[%clk 0:53:32]} 24. Qh3 {[%clk 0:00:34]} Nf7 {[%clk 0:53:36]} 25. Qg2
{[%clk 0:00:33]} Bc6 {[%clk 0:51:17]} 26. Bh5 {[%clk 0:00:35]} Rg5
{[%clk 0:50:55]} 27. Bxf7 {[%clk 0:00:47]} Qxf7 {[%clk 0:51:22]} 28. Rxd6
{[%clk 0:00:38]} Qc7 {[%clk 0:50:49]} 29. Qd2 {[%clk 0:00:33]} Qg7
{[%clk 0:49:40]} 30. Qf2 {[%clk 0:00:34]} Qe7 {[%clk 0:48:14]} 31. Rd1
{[%clk 0:00:45]} f5 {[%clk 0:48:10]} 32. exf5 {[%clk 0:00:38]} exf5
{[%clk 0:48:14]} 33. Re1 {[%clk 0:00:44]} Qd6 {[%clk 0:47:39]} 34. Rd1
{[%clk 0:00:32]} Qh6 {[%clk 0:48:06]} 35. Qe3 {[%clk 0:00:33]} Re8
{[%clk 0:45:58]} 36. Qf2 {[%clk 0:00:33]} Qh5 {[%clk 0:45:24]} 37. Re1
{[%clk 0:00:42]} Reg8 {[%clk 0:45:45]} 38. Rf1 {[%clk 0:00:34]} Rxg3+
{[%clk 0:44:49]} 39. Qxg3 {[%clk 0:00:53]} Rxg3+ {[%clk 0:45:11]} 40. hxg3
{[%clk 0:01:12]} Qh1+ {[%clk 0:45:31]} 41. Kf2 {[%clk 0:01:35]} Qg2+
{[%clk 0:45:02]} 42. Ke3 {[%clk 0:29:38]} Qxg3+ {[%clk 1:15:33]} 43. Kd2
{[%clk 0:29:52]} Qg5 {[%clk 1:13:35]} 44. Kd3 {[%clk 0:26:12]} Bd7
{[%clk 1:07:09]} 45. Nd5 {[%clk 0:23:58]} Be6 {[%clk 1:06:14]} 46. Ne3
{[%clk 0:18:12]} Qd8+ {[%clk 1:06:29]} 47. Ke2 {[%clk 0:18:23]} Qa5
{[%clk 1:06:13]} 48. a4 {[%clk 0:12:29]} b5 {[%clk 1:05:35]} 49. b3
{[%clk 0:08:58]} a6 {[%clk 1:05:50]} 50. Nxf5 {[%clk 0:06:54]} Bxf5
{[%clk 1:05:57]} 51. Rxf5 {[%clk 0:07:12]} Qc3 {[%clk 1:05:17]} 52. Kd1
{[%clk 0:06:17]} Qd4+ {[%clk 1:04:13]} 53. Ke2 {[%clk 0:05:16]} bxa4
{[%clk 1:04:11]} 54. R1f4 {[%clk 0:04:08]} Qb2 {[%clk 1:04:12]} 55. Rxc5
{[%clk 0:03:16]} Qa3 {[%clk 0:58:35]} 56. Rc7 {[%clk 0:00:42]} Qd6
{[%clk 0:58:43]} 57. Rff7 {[%clk 0:00:42]} Qe5+ {[%clk 0:58:00]} 58. Kd3
{[%clk 0:00:42]} Qg3+ {[%clk 0:54:32]} 59. Kc4 {[%clk 0:00:36]} Qg8
{[%clk 0:54:39]} 60. Kb4 {[%clk 0:00:33]} h5 {[%clk 0:55:07]} 61. Kxa4
{[%clk 0:00:31]} h4 {[%clk 0:46:05]} 62. Rf4 {[%clk 0:00:36]} Qd8
{[%clk 0:46:23]} 63. Rfc4 {[%clk 0:00:33]} Qe8+ {[%clk 0:45:50]} 64. Ka3
{[%clk 0:00:43]} Qe1 {[%clk 0:46:17]} 65. Rd7 {[%clk 0:00:32]} Qa1+
{[%clk 0:45:02]} 66. Kb4 {[%clk 0:00:52]} a5+ {[%clk 0:45:30]} 67. Kb5
{[%clk 0:00:34]} Qe5+ {[%clk 0:45:57]} 68. Rc5 {[%clk 0:00:32]} Qe8
{[%clk 0:46:00]} 69. Rcc7 {[%clk 0:00:32]} h3 {[%clk 0:45:20]} 70. Kxa5
{[%clk 0:00:50]} Qa8+ {[%clk 0:45:48]} 71. Kb4 {[%clk 0:01:04]} Qb8+
{[%clk 0:46:17]} 72. Kc5 {[%clk 0:00:32]} h2 {[%clk 0:45:17]} 73. Rh7+
{[%clk 0:00:40]} Kg8 {[%clk 0:45:45]} 74. Rhg7+ {[%clk 0:00:34]} Kf8
{[%clk 0:46:06]} 75. Rgf7+ {[%clk 0:00:34]} Ke8 {[%clk 0:46:34]} 76. Rfe7+
{[%clk 0:00:32]} Kd8 {[%clk 0:46:58]} 77. Red7+ {[%clk 0:00:46]} Ke8
{[%clk 0:47:26]} 1/2-1/2

[Event "WCO2014"]
[Site "Tromso"]
[Date "2014.08.03"]
[Round "2.1"]
[WhiteID "11900059"]
[White "Sanon Mondoly"]
[BlackID "10700072"]
[Black "Holland Christopher"]
[Result "1/2-1/2"]
[LiveChessVersion "1.4.3"]
[BlackElo "2270"]
[WhiteElo "2012"]

1. e4 {[%clk 1:30:30]} e6 {[%clk 1:30:30]} 2. d4 {[%clk 1:30:30]} d5
{[%clk 1:30:30]} 3. exd5 {[%clk 1:30:30]} exd5 {[%clk 1:30:30]} 4. Bd3
{[%clk 1:30:30]} Bd6 {[%clk 1:30:30]} 5. Nf3 {[%clk 1:30:30]} Nf6
{[%clk 1:30:30]} 6. Nc3 {[%clk 1:30:30]} c6 {[%clk 1:20:55]} 7. h3
{[%clk 1:30:23]} O-O {[%clk 1:13:31]} 8. Be3 {[%clk 1:29:49]} Re8
{[%clk 1:04:05]} 9. O-O {[%clk 1:29:46]} Nbd7 {[%clk 1:02:54]} 10. Bg5
{[%clk 1:25:30]} Nf8 {[%clk 0:48:49]} 11. Qd2 {[%clk 1:23:37]} Ne6
{[%clk 0:47:39]} 12. Rfe1 {[%clk 1:22:31]} Nxg5 {[%clk 0:45:38]} 13. Qxg5
{[%clk 1:14:16]} Be6 {[%clk 0:42:20]} 14. Ne5 {[%clk 1:06:33]} h6
{[%clk 0:39:06]} 15. Qd2 {[%clk 1:03:54]} c5 {[%clk 0:32:35]} 16. dxc5
{[%clk 1:01:36]} Bxc5 {[%clk 0:32:48]} 17. Nf3 {[%clk 0:59:56]} a6
{[%clk 0:29:17]} 18. Ne2 {[%clk 0:54:47]} Ne4 {[%clk 0:28:20]} 19. Bxe4
{[%clk 0:54:39]} dxe4 {[%clk 0:28:47]} 20. Nfd4 {[%clk 0:50:17]} Qb6
{[%clk 0:28:06]} 21. c3 {[%clk 0:50:22]} Rad8 {[%clk 0:26:35]} 22. b4
{[%clk 0:49:15]} Bf8 {[%clk 0:07:29]} 23. a3 {[%clk 0:48:54]} f5 {[%clk 0:06:28]}
24. Nf4 {[%clk 0:48:35]} Bf7 {[%clk 0:06:34]} 25. Qe3 {[%clk 0:48:25]} Qf6
{[%clk 0:07:01]} 26. g3 {[%clk 0:46:42]} g5 {[%clk 0:07:04]} 27. Nfe2
{[%clk 0:46:49]} Bd6 {[%clk 0:06:59]} 28. f4 {[%clk 0:46:16]} Bc4
{[%clk 0:04:36]} 29. Kh2 {[%clk 0:46:05]} Kh7 {[%clk 0:04:12]} 30. Rg1
{[%clk 0:37:04]} Bc7 {[%clk 0:04:28]} 31. fxg5 {[%clk 0:35:57]} hxg5
{[%clk 0:04:48]} 32. h4 {[%clk 0:34:05]} gxh4 {[%clk 0:04:43]} 33. Kh3
{[%clk 0:24:24]} hxg3 {[%clk 0:03:31]} 34. Rh1 {[%clk 0:21:46]} f4
{[%clk 0:03:49]} 35. Kg4+ {[%clk 0:20:18]} Kg8 {[%clk 0:04:16]} 36. Nxf4
{[%clk 0:20:02]} Qg7+ {[%clk 0:03:07]} 37. Kh4 {[%clk 0:20:06]} Qh6+
{[%clk 0:01:23]} 38. Kg4 {[%clk 0:20:24]} Qxf4+ {[%clk 0:01:22]} 39. Qxf4
{[%clk 0:20:52]} Bxf4 {[%clk 0:01:51]} 40. Kxf4 {[%clk 0:21:20]} g2
{[%clk 0:25:44]} 41. Rhg1 {[%clk 0:51:15]} Rf8+ {[%clk 0:25:31]} 42. Ke3
{[%clk 0:51:13]} Bf1 {[%clk 0:25:04]} 43. Ne6 {[%clk 0:49:33]} Rd3+
{[%clk 0:08:49]} 44. Kxe4 {[%clk 0:49:43]} Rxc3 {[%clk 0:08:56]} 45. Nxf8
{[%clk 0:48:58]} Kxf8 {[%clk 0:09:19]} 46. Rgxf1+ {[%clk 0:48:52]} gxf1=Q
{[%clk 0:09:41]} 47. Rxf1+ {[%clk 0:49:07]} Ke7 {[%clk 0:10:07]} 48. Ra1
{[%clk 0:49:24]} Kd6 {[%clk 0:09:20]} 49. Kd4 {[%clk 0:49:40]} Rh3
{[%clk 0:09:35]} 50. a4 {[%clk 0:48:00]} Ke5+ 51. Ke4+ 1/2-1/2

[Event "WCO2014"]
[Site "Tromso"]
[Date "2014.08.03"]
[Round "2.40"]
[WhiteID "6600280"]
[White "Sanchez Jorge"]
[BlackID "19600100"]
[Black "Boydia Sidi"]
[Result "0-1"]
[LiveChessVersion "1.4.3"]
[BlackElo "2068"]
[WhiteElo "2090"]

1. e4 {[%clk 1:30:55]} e5 {[%clk 1:30:56]} 2. Nf3 {[%clk 1:31:16]} Nc6
{[%clk 1:31:19]} 3. Bb5 a6 {[%clk 1:31:44]} 4. Ba4 {[%clk 1:31:55]} Nf6
{[%clk 1:32:08]} 5. O-O Be7 6. Re1 {[%clk 1:32:39]} b5 {[%clk 1:33:05]} 7. Bb3
{[%clk 1:33:04]} d6 {[%clk 1:33:31]} 8. c3 {[%clk 1:33:28]} O-O {[%clk 1:33:57]}
9. h3 {[%clk 1:33:53]} Bb7 {[%clk 1:34:20]} 10. d4 {[%clk 1:34:13]} Nd7
{[%clk 1:33:43]} 11. Nbd2 {[%clk 1:32:37]} Bf6 {[%clk 1:33:44]} 12. Nf1
{[%clk 1:30:48]} Ne7 {[%clk 1:29:22]} 13. Ng3 {[%clk 1:24:25]} c5
{[%clk 1:24:12]} 14. d5 {[%clk 1:23:23]} c4 {[%clk 1:12:43]} 15. Bc2
{[%clk 1:23:42]} g6 {[%clk 1:12:38]} 16. Bh6 {[%clk 1:22:27]} Bg7
{[%clk 1:09:33]} 17. Qd2 {[%clk 1:21:34]} f6 {[%clk 1:07:24]} 18. a4
{[%clk 1:17:48]} Nc5 {[%clk 1:05:48]} 19. Ra3 {[%clk 1:12:47]} Qb6
{[%clk 0:50:29]} 20. Bxg7 {[%clk 1:12:52]} Kxg7 {[%clk 0:50:48]} 21. Nh4
{[%clk 1:11:33]} bxa4 {[%clk 0:44:13]} 22. Bxa4 {[%clk 1:05:28]} Nd3
{[%clk 0:43:46]} 23. Rb1 {[%clk 1:05:09]} Nf4 {[%clk 0:30:39]} 24. Raa1
{[%clk 1:01:36]} f5 {[%clk 0:29:22]} 25. b3 {[%clk 1:00:07]} Rab8
{[%clk 0:21:04]} 26. bxc4 {[%clk 0:59:12]} Qc7 {[%clk 0:20:44]} 27. Nf3
{[%clk 0:58:19]} Qxc4 {[%clk 0:12:55]} 28. Rb4 {[%clk 0:56:16]} Qc7
{[%clk 0:07:55]} 29. Rab1 {[%clk 0:54:51]} fxe4 {[%clk 0:07:03]} 30. Nxe4
{[%clk 0:54:59]} Bxd5 {[%clk 0:05:56]} 31. Neg5 {[%clk 0:47:51]} h6
{[%clk 0:04:18]} 32. c4 {[%clk 0:48:12]} Rxb4 {[%clk 0:02:41]} 33. Rxb4
{[%clk 0:48:12]} Bxc4 {[%clk 0:02:26]} 34. Rxc4 {[%clk 0:35:10]} Qxc4
{[%clk 0:01:42]} 35. Qxd6 {[%clk 0:35:38]} hxg5 {[%clk 0:01:17]} 36. Qxe7+
{[%clk 0:35:53]} Qf7 {[%clk 0:01:27]} 37. Qxe5+ {[%clk 0:34:10]} Qf6
{[%clk 0:01:44]} 38. Qxf6+ {[%clk 0:32:00]} Kxf6 {[%clk 0:02:06]} 39. Kh2
{[%clk 0:31:55]} Rb8 {[%clk 0:02:10]} 40. Kg3 {[%clk 0:32:03]} Ne2+
{[%clk 0:02:38]} 41. Kh2 {[%clk 0:32:18]} Rb4 {[%clk 0:02:47]} 42. Bc2
{[%clk 0:32:21]} Nd4 {[%clk 0:03:02]} 43. Nxd4 {[%clk 0:32:43]} Rxd4
{[%clk 0:03:30]} 44. Kg3 {[%clk 0:32:49]} a5 {[%clk 0:03:56]} 45. Kf3
{[%clk 0:33:09]} a4 {[%clk 0:04:08]} 46. Ke3 {[%clk 0:33:24]} Rb4 47. Kd4 Ke5+
0-1

[Event "WCO2014"]
[Site "Tromso"]
[Date "2014.08.03"]
[Round "2.33"]
[WhiteID "5900123"]
[White "Antoniou Antonis"]
[BlackID "20500220"]
[Black "Gerrard Mphungt"]
[Result "1/2-1/2"]
[LiveChessVersion "1.4.3"]
[BlackElo "1930"]
[WhiteElo "2188"]

1. e4 {[%clk 1:30:58]} c5 {[%clk 1:28:22]} 2. Nf3 {[%clk 1:31:23]} d6
{[%clk 1:28:11]} 3. d4 {[%clk 1:31:40]} cxd4 {[%clk 1:28:02]} 4. Nxd4
{[%clk 1:32:05]} Nf6 {[%clk 1:28:18]} 5. Nc3 {[%clk 1:32:33]} a6 {[%clk 1:28:21]}
6. Bg5 {[%clk 1:31:44]} e6 {[%clk 1:27:09]} 7. f4 {[%clk 1:32:07]} Qb6
{[%clk 1:24:45]} 8. Nb3 {[%clk 1:32:31]} Nbd7 {[%clk 1:24:46]} 9. Qf3
{[%clk 1:32:54]} Qc7 {[%clk 1:25:00]} 10. O-O-O {[%clk 1:33:09]} b5
{[%clk 1:25:21]} 11. a3 {[%clk 1:32:07]} Bb7 {[%clk 1:25:22]} 12. Kb1
{[%clk 1:29:53]} Rc8 {[%clk 1:22:18]} 13. Bd3 {[%clk 1:29:25]} Be7
{[%clk 1:19:34]} 14. Qh3 {[%clk 1:20:35]} Nc5 {[%clk 0:58:21]} 15. Nxc5
{[%clk 1:13:48]} Qxc5 {[%clk 0:58:30]} 16. f5 {[%clk 1:07:51]} e5
{[%clk 0:39:39]} 17. Be3 {[%clk 0:33:42]} Qc7 {[%clk 0:39:33]} 18. Rhe1
{[%clk 0:33:07]} Bc6 {[%clk 0:31:51]} 19. g4 {[%clk 0:28:43]} Qb7
{[%clk 0:23:36]} 20. Bd2 {[%clk 0:28:51]} a5 {[%clk 0:17:49]} 21. g5
{[%clk 0:26:54]} b4 {[%clk 0:15:54]} 22. gxf6 {[%clk 0:22:40]} bxc3
{[%clk 0:16:18]} 23. Bxc3 {[%clk 0:22:50]} Bxf6 {[%clk 0:16:29]} 24. Bxa5
{[%clk 0:22:08]} O-O {[%clk 0:16:14]} 25. Bb4 {[%clk 0:17:52]} Rfd8
{[%clk 0:15:34]} 26. Re3 {[%clk 0:06:18]} d5 {[%clk 0:14:16]} 27. exd5
{[%clk 0:05:13]} Bxd5 {[%clk 0:14:36]} 28. Rde1 {[%clk 0:05:20]} h6
{[%clk 0:08:46]} 29. Qg4 {[%clk 0:04:55]} Qc6 {[%clk 0:07:41]} 30. Be4
{[%clk 0:01:35]} Rb8 {[%clk 0:07:00]} 31. Bxd5 {[%clk 0:01:33]} Rxd5
{[%clk 0:07:03]} 32. Rd1 {[%clk 0:01:25]} Rd4 {[%clk 0:06:58]} 33. Qe2
{[%clk 0:00:41]} Rbd8 {[%clk 0:02:23]} 34. Red3 {[%clk 0:01:03]} Qd7
{[%clk 0:02:32]} 35. Bc3 {[%clk 0:00:45]} Rxd3 {[%clk 0:02:54]} 36. Rxd3
{[%clk 0:00:46]} Qxf5 {[%clk 0:03:09]} 37. Rxd8+ {[%clk 0:01:14]} Bxd8
{[%clk 0:03:33]} 38. Qxe5 {[%clk 0:01:41]} Qxe5 {[%clk 0:03:33]} 39. Bxe5
{[%clk 0:02:10]} f6 {[%clk 0:02:27]} 40. Bg3 {[%clk 0:01:39]} h5 {[%clk 0:02:48]}
41. c4 {[%clk 0:00:49]} g5 {[%clk 0:03:02]} 42. h4 {[%clk 0:22:19]} f5
{[%clk 0:30:30]} 43. hxg5 {[%clk 0:20:53]} Bxg5 {[%clk 0:30:53]} 44. Kc2
{[%clk 0:20:33]} f4 {[%clk 0:30:12]} 45. Bh2 {[%clk 0:05:04]} f3 {[%clk 0:30:20]}
46. Kd1 {[%clk 0:05:10]} h4 {[%clk 0:29:53]} 47. b4 {[%clk 0:03:44]} Be3
{[%clk 0:29:53]} 48. c5 {[%clk 0:01:43]} Kf7 {[%clk 0:30:06]} 49. Ke1
{[%clk 0:01:57]} Ke6 {[%clk 0:30:20]} 50. c6 {[%clk 0:02:00]} Bd4
{[%clk 0:29:50]} 51. Kf1 {[%clk 0:01:13]} h3 {[%clk 0:24:04]} 52. a4
{[%clk 0:01:42]} Ke7 {[%clk 0:20:57]} 53. a5 {[%clk 0:01:26]} Bc3
{[%clk 0:20:20]} 54. a6 {[%clk 0:01:30]} Bd4 {[%clk 0:20:45]} 55. b5
{[%clk 0:00:41]} Ke8 {[%clk 0:20:43]} 56. Bg1 {[%clk 0:00:34]} Be3
{[%clk 0:21:01]} 57. Bh2 {[%clk 0:00:45]} Ke7 {[%clk 0:20:56]} 58. Bg1
{[%clk 0:00:47]} Ke6 {[%clk 0:21:11]} 59. Bh2 {[%clk 0:00:49]} Ba7
{[%clk 0:21:23]} 60. Bg3 {[%clk 0:00:47]} Bb6 {[%clk 0:21:24]} 61. Bh2
{[%clk 0:00:47]} Ba7 {[%clk 0:21:20]} 1/2-1/2

[Event "WCO2014"]
[Site "Tromso"]
[Date "2014.08.03"]
[Round "2.19"]
[WhiteID "7000227"]
[White "Watanabe Akira"]
[BlackID "15900371"]
[Black "Bueno Mark"]
[Result "1-0"]
[LiveChessVersion "1.4.3"]
[BlackElo "1828"]
[WhiteElo "2252"]

1. d4 {[%clk 1:30:54]} Nf6 {[%clk 1:30:57]} 2. c4 {[%clk 1:31:17]} e6
{[%clk 1:31:25]} 3. Nc3 {[%clk 1:31:40]} Bb4 {[%clk 1:31:53]} 4. e3
{[%clk 1:32:01]} d5 {[%clk 1:32:11]} 5. cxd5 {[%clk 1:31:41]} exd5
{[%clk 1:32:32]} 6. Bd3 {[%clk 1:31:57]} O-O {[%clk 1:32:42]} 7. Nge2
{[%clk 1:32:18]} c5 {[%clk 1:22:10]} 8. a3 {[%clk 1:28:45]} Bxc3+
{[%clk 1:21:55]} 9. bxc3 {[%clk 1:28:59]} Nc6 {[%clk 1:21:20]} 10. O-O
{[%clk 1:27:25]} Qa5 {[%clk 1:10:11]} 11. Bd2 {[%clk 1:23:44]} c4
{[%clk 1:05:13]} 12. Bc2 {[%clk 1:23:50]} Ne7 {[%clk 0:57:16]} 13. Ng3
{[%clk 1:22:31]} Re8 {[%clk 0:52:18]} 14. f3 {[%clk 1:18:57]} h5 {[%clk 0:48:28]}
15. e4 {[%clk 1:09:00]} h4 {[%clk 0:44:03]} 16. Ne2 {[%clk 1:05:23]} dxe4
{[%clk 0:32:58]} 17. fxe4 {[%clk 1:05:36]} Qh5 {[%clk 0:32:48]} 18. Nf4
{[%clk 1:01:47]} Qxd1 {[%clk 0:33:03]} 19. Raxd1 {[%clk 1:02:11]} Bg4
{[%clk 0:17:51]} 20. Rde1 {[%clk 0:56:10]} b5 {[%clk 0:13:29]} 21. e5
{[%clk 0:50:02]} Nfd5 {[%clk 0:13:48]} 22. Nxd5 {[%clk 0:49:07]} Nxd5
{[%clk 0:14:16]} 23. Re4 {[%clk 0:48:13]} Be6 {[%clk 0:10:01]} 24. Rxh4
{[%clk 0:38:50]} a5 {[%clk 0:10:00]} 25. Bh7+ {[%clk 0:29:31]} Kf8
{[%clk 0:09:58]} 26. Be4 {[%clk 0:27:10]} Ke7 {[%clk 0:10:02]} 27. Rf3
{[%clk 0:20:42]} Rh8 {[%clk 0:09:55]} 28. Rxh8 {[%clk 0:11:41]} Rxh8
{[%clk 0:10:23]} 29. h3 {[%clk 0:11:56]} Rb8 {[%clk 0:09:18]} 30. Kf2
{[%clk 0:11:40]} Rf8 {[%clk 0:06:52]} 31. Ke2 {[%clk 0:11:41]} Rc8
{[%clk 0:06:15]} 32. Kd1 {[%clk 0:09:29]} Kd7 {[%clk 0:06:18]} 33. Kc2
{[%clk 0:06:48]} Rb8 {[%clk 0:05:34]} 34. Rf1 {[%clk 0:05:41]} Rb6
{[%clk 0:03:54]} 35. g4 {[%clk 0:04:02]} Rb8 {[%clk 0:03:06]} 36. h4
{[%clk 0:02:40]} Rh8 {[%clk 0:02:03]} 37. h5 {[%clk 0:02:08]} Nc7
{[%clk 0:01:36]} 38. Bf3 {[%clk 0:01:33]} a4 {[%clk 0:01:18]} 39. Rb1
{[%clk 0:00:53]} Rb8 {[%clk 0:01:13]} 40. Rf1 {[%clk 0:00:45]} Nd5
{[%clk 0:01:27]} 41. Rb1 {[%clk 0:21:40]} Kc6 {[%clk 0:30:43]} 42. Kd1
{[%clk 0:20:49]} Kb6 {[%clk 0:23:49]} 43. Ke1 {[%clk 0:20:03]} Rf8
{[%clk 0:19:05]} 44. Kf2 {[%clk 0:18:28]} Rh8 {[%clk 0:14:32]} 45. Kg3
{[%clk 0:17:10]} Kc6 {[%clk 0:12:27]} 46. Be4 {[%clk 0:16:37]} Kb6
{[%clk 0:11:02]} 47. Rf1 {[%clk 0:15:28]} Kc6 {[%clk 0:10:44]} 48. Bf5
{[%clk 0:13:18]} Kd7 {[%clk 0:11:02]} 49. Rb1 {[%clk 0:08:34]} Rb8
{[%clk 0:10:52]} 50. Bc2 {[%clk 0:08:31]} Kc7 {[%clk 0:10:43]} 51. Kh4
{[%clk 0:08:22]} Ne7 {[%clk 0:08:56]} 52. Rf1 {[%clk 0:05:10]} Rh8
{[%clk 0:08:41]} 53. Kg5 {[%clk 0:03:35]} Nd5 {[%clk 0:08:46]} 54. Bf5
{[%clk 0:03:01]} Kd7 {[%clk 0:09:14]} 55. Be4 {[%clk 0:03:08]} Kc6
{[%clk 0:08:35]} 56. Kh4 {[%clk 0:02:57]} Kd7 {[%clk 0:08:15]} 57. Rb1
{[%clk 0:02:28]} Rb8 {[%clk 0:08:02]} 58. g5 {[%clk 0:01:28]} Ne7
{[%clk 0:08:14]} 59. g6 {[%clk 0:00:54]} fxg6 {[%clk 0:07:52]} 60. hxg6
{[%clk 0:01:16]} Kc7 {[%clk 0:03:16]} 61. Rf1 {[%clk 0:01:21]} Rh8+
{[%clk 0:03:29]} 62. Kg3 {[%clk 0:01:27]} Nd5 {[%clk 0:03:39]} 63. Bf5
{[%clk 0:01:23]} Bg8 {[%clk 0:02:06]} 64. Bg5 {[%clk 0:01:09]} Nxc3
{[%clk 0:01:21]} 65. e6 {[%clk 0:01:18]} Kd6 {[%clk 0:00:44]} 66. Re1
{[%clk 0:01:30]} Bxe6 {[%clk 0:00:40]} 67. Bxe6 {[%clk 0:01:37]} Re8
{[%clk 0:00:48]} 68. Bf4+ {[%clk 0:01:35]} Kc6 {[%clk 0:00:34]} 69. d5+
{[%clk 0:01:55]} Kb6 {[%clk 0:00:55]} 70. d6 {[%clk 0:02:03]} Nd5
{[%clk 0:00:40]} 71. d7 {[%clk 0:02:00]} 1-0

[Event "WCO2014"]
[Site "Tromso"]
[Date "2014.08.03"]
[Round "2.32"]
[WhiteID "13601520"]
[White "Jobava Baadur"]
[BlackID "1103520"]
[Black "Dukaczewski Piotr"]
[Result "1-0"]
[LiveChessVersion "1.4.3"]
[BlackElo "2288"]
[WhiteElo "2713"]

1. b3 {[%clk 1:30:51]} e5 {[%clk 1:30:50]} 2. Bb2 {[%clk 1:31:16]} Nc6
{[%clk 1:31:10]} 3. e3 {[%clk 1:31:41]} Nf6 {[%clk 1:31:30]} 4. Bb5
{[%clk 1:32:04]} Bd6 {[%clk 1:31:49]} 5. Na3 {[%clk 1:32:20]} e4 {[%clk 1:31:15]}
6. Nc4 {[%clk 1:31:25]} Be7 {[%clk 1:31:30]} 7. Bxc6 {[%clk 1:31:48]} dxc6
{[%clk 1:31:28]} 8. Ne2 {[%clk 1:32:06]} O-O {[%clk 1:30:18]} 9. O-O
{[%clk 1:32:25]} b6 {[%clk 1:28:45]} 10. a4 {[%clk 1:29:41]} Re8 {[%clk 1:25:27]}
11. Nd4 {[%clk 1:28:34]} Qd5 {[%clk 1:21:27]} 12. f3 {[%clk 1:27:27]} exf3
{[%clk 1:19:15]} 13. Qxf3 {[%clk 1:27:40]} Qxf3 {[%clk 1:12:29]} 14. Rxf3
{[%clk 1:27:54]} c5 {[%clk 1:07:17]} 15. Nb5 {[%clk 1:20:39]} Bd8
{[%clk 1:05:13]} 16. Bxf6 {[%clk 1:18:37]} gxf6 {[%clk 1:04:24]} 17. Raf1
{[%clk 1:16:23]} a6 {[%clk 1:00:50]} 18. Nc3 {[%clk 1:14:56]} Bb7
{[%clk 1:00:40]} 19. Rg3+ {[%clk 1:14:34]} Kh8 {[%clk 0:59:14]} 20. d3
{[%clk 1:14:28]} Be7 {[%clk 0:57:34]} 21. e4 {[%clk 1:14:38]} Rg8
{[%clk 0:56:10]} 22. Rgf3 {[%clk 1:11:31]} Rg6 {[%clk 0:47:21]} 23. Ne3
{[%clk 1:06:35]} Rag8 {[%clk 0:41:59]} 24. g3 {[%clk 1:06:43]} Bd8
{[%clk 0:40:43]} 25. Kg2 {[%clk 1:06:31]} h5 {[%clk 0:31:20]} 26. Rf5
{[%clk 1:06:20]} Rh6 {[%clk 0:29:29]} 27. Ncd5 {[%clk 1:05:53]} Rgg6
{[%clk 0:25:41]} 28. Nf4 {[%clk 1:04:50]} Rg5 {[%clk 0:25:35]} 29. h4
{[%clk 1:00:59]} Rxf5 {[%clk 0:25:48]} 30. Nxf5 {[%clk 1:01:23]} Rh7
{[%clk 0:26:05]} 31. Nd5 {[%clk 1:01:39]} Kg8 {[%clk 0:23:05]} 32. g4
{[%clk 0:59:36]} Kf8 {[%clk 0:21:04]} 33. Kg3 {[%clk 0:59:19]} hxg4
{[%clk 0:17:24]} 34. Rh1 {[%clk 0:56:57]} c6 {[%clk 0:13:46]} 35. Nde3
{[%clk 0:56:59]} Bc7+ {[%clk 0:13:54]} 36. Kxg4 {[%clk 0:57:14]} Bc8
{[%clk 0:11:16]} 37. h5 {[%clk 0:57:16]} Be6 {[%clk 0:10:39]} 38. h6
{[%clk 0:56:21]} Be5 {[%clk 0:09:50]} 39. Kf3 {[%clk 0:54:58]} Ke8
{[%clk 0:05:50]} 40. Ng4 {[%clk 0:53:48]} Kd7 {[%clk 0:04:30]} 41. Nxe5+
{[%clk 0:50:02]} fxe5 {[%clk 0:04:52]} 42. Ng7 {[%clk 0:50:25]} Ke7
{[%clk 0:25:41]} 43. Nxe6 {[%clk 1:21:41]} Kxe6 {[%clk 0:25:53]} 44. Kg4
{[%clk 1:22:07]} Kf6 {[%clk 0:24:25]} 45. Kh5 {[%clk 1:22:22]} Rh8
{[%clk 0:23:18]} 46. Rf1+ {[%clk 1:22:45]} Ke6 {[%clk 0:23:20]} 47. Rf5
{[%clk 1:23:10]} a5 {[%clk 0:16:13]} 48. c4 {[%clk 1:22:43]} f6 {[%clk 0:11:31]}
49. Rf1 {[%clk 1:22:44]} Kf7 {[%clk 0:10:47]} 50. Rg1 {[%clk 1:23:08]} Rh7
{[%clk 0:11:02]} 51. Rg3 {[%clk 1:23:26]} Rh8 {[%clk 0:10:02]} 52. Rg7+
{[%clk 1:23:48]} Ke6 {[%clk 0:10:16]} 53. Kg6 {[%clk 1:24:07]} Kd5 1-0

[Event "WCO2014"]
[Site "Tromso"]
[Date "2014.08.03"]
[Round "2.37"]
[WhiteID "8603006"]
[White "Ju Wenjun"]
[BlackID "3900754"]
[Black "Sanchez Castillo Sarai Carolina"]
[Result "1-0"]
[LiveChessVersion "1.4.3"]
[BlackElo "2207"]
[WhiteElo "2559"]

1. Nf3 {[%clk 1:30:50]} d5 {[%clk 1:30:51]} 2. g3 {[%clk 1:31:05]} c6
{[%clk 1:30:48]} 3. Bg2 {[%clk 1:31:20]} Nf6 {[%clk 1:31:04]} 4. O-O
{[%clk 1:31:29]} g6 {[%clk 1:30:40]} 5. b3 {[%clk 1:30:01]} Bg7 {[%clk 1:30:56]}
6. Bb2 {[%clk 1:30:28]} O-O {[%clk 1:29:53]} 7. d3 {[%clk 1:30:18]} a5
{[%clk 1:25:46]} 8. c4 {[%clk 1:30:17]} Na6 {[%clk 1:23:05]} 9. Nbd2
{[%clk 1:29:54]} a4 {[%clk 1:13:01]} 10. Bc3 {[%clk 1:21:57]} c5 {[%clk 1:02:07]}
11. bxa4 {[%clk 1:17:38]} d4 {[%clk 0:53:33]} 12. Bb2 {[%clk 1:18:04]} Qc7
{[%clk 0:49:18]} 13. Nb3 {[%clk 1:16:29]} Bd7 {[%clk 0:36:45]} 14. a5
{[%clk 1:16:53]} Ba4 {[%clk 0:34:34]} 15. Nfd2 {[%clk 1:13:38]} e5
{[%clk 0:34:23]} 16. Ba3 {[%clk 1:12:29]} Nd7 {[%clk 0:30:09]} 17. Rb1
{[%clk 1:04:17]} Ra7 {[%clk 0:26:10]} 18. e3 {[%clk 0:56:37]} Nb4
{[%clk 0:14:34]} 19. exd4 {[%clk 0:49:25]} exd4 {[%clk 0:15:02]} 20. Bxb4
{[%clk 0:48:28]} cxb4 {[%clk 0:15:29]} 21. Qe1 {[%clk 0:48:49]} Ne5
{[%clk 0:07:02]} 22. Qe2 {[%clk 0:26:47]} Re8 {[%clk 0:03:12]} 23. Ne4
{[%clk 0:26:53]} f5 {[%clk 0:00:38]} 24. Ng5 {[%clk 0:26:27]} h6 {[%clk 0:00:35]}
25. Bd5+ {[%clk 0:25:47]} Kh8 {[%clk 0:01:02]} 26. Ne6 {[%clk 0:26:12]} Rxe6
{[%clk 0:00:35]} 27. Bxe6 {[%clk 0:26:37]} Bc6 {[%clk 0:00:33]} 28. Nxd4
{[%clk 0:23:04]} Qd6 {[%clk 0:01:02]} 29. Nxc6 {[%clk 0:23:28]} bxc6
{[%clk 0:01:31]} 30. d4 {[%clk 0:23:33]} Qxe6 {[%clk 0:00:33]} 31. dxe5
{[%clk 0:23:39]} Rxa5 {[%clk 0:00:43]} 32. Rxb4 {[%clk 0:23:16]} Rxe5
{[%clk 0:00:46]} 33. Qd1 {[%clk 0:23:20]} Kh7 {[%clk 0:00:33]} 34. Rb7
{[%clk 0:23:10]} Qxc4 {[%clk 0:00:31]} 35. Qd7 {[%clk 0:23:06]} Qg8
{[%clk 0:00:54]} 36. Qxc6 {[%clk 0:23:21]} f4 {[%clk 0:00:55]} 37. Rd1
{[%clk 0:23:39]} 1-0